Las redes de prostitución y tráfico de mujeres en la frontera Brasil-Venezuela por las carreteras BR-174 yTrocal 10 /
El estado de Roraima, ubicado en la región amazónica de Brasil fronteriza con Venezuela, es considerado una de las principales áreas de tráfico de mujeres para fines de explotación sexual comercial y de otras actividades irregulares. En este artículo se detallan las interacciones socio-espaciales qu...
保存先:
| 第一著者: | |
|---|---|
| フォーマット: | テキスト |
| 主題: | |
| タグ: |
タグ追加
タグなし, このレコードへの初めてのタグを付けませんか!
|
MARC
| LEADER | 00000 a a2200000 04500 | ||
|---|---|---|---|
| 001 | 45541 | ||
| 003 | |||
| 040 | |||
| 100 | |a Oliveira, Rafael Da Silva | ||
| 245 | |a Las redes de prostitución y tráfico de mujeres en la frontera Brasil-Venezuela por las carreteras BR-174 yTrocal 10 / |c Rafael Da Silva Oliveira | ||
| 520 | |a El estado de Roraima, ubicado en la región amazónica de Brasil fronteriza con Venezuela, es considerado una de las principales áreas de tráfico de mujeres para fines de explotación sexual comercial y de otras actividades irregulares. En este artículo se detallan las interacciones socio-espaciales que se dan alrededor de la BR-174 y la Troncal y la actividad de la prostitución y tráfico de mujeres en el marco de las redes de actividades ilegales y propias de la frontera. | ||
| 590 | |a RRH/FEBRERO2014 | ||
| 650 | |a 1.PROSTITUCION | ||
| 650 | |a 2.TRATA DE PERSONAS | ||
| 650 | |a 3.EXPLOTACION SEXUAL | ||
| 650 | |a 4.RELACIONES DE GENERO | ||
| 650 | |a 5.LEGISLACION | ||
| 650 | |a 6.BRASIL | ||
| 650 | |a 7.VENEZUELA | ||
| 773 | |g volumen21, número2 ( , 2012), páginas 325-343 | ||
| 999 | |c 37915 |d 37915 | ||
